000 00776nam a22002177a 4500
999 _c12190
_d12190
003 AR-CdUCM
008 190408b ||||| |||| 00| 0 spa d
040 _aMUNICIPALIDAD PROVINCIAL DEL CUSCO
_cBIBLIOTECA MUNICIPAL DEL CUSCO
082 _a340.1 /
_bI37 / 1881
100 _aVon Ihering, R
_929915
245 _aLa lucha por el derecho /
260 _aBuenos Aires :
_bTor,
_c1881.
300 _a127 páginas :
_c18 cm.
505 _aContenido : Prologo de la traducción española -- Introducir -- El interés de la lucha por le derecho -- La lucha por el derecho en la esfera individual ...
650 _aSociales
_928612
650 _aLucha
_929916
650 _aDerecho
_9739
700 _aPosada, Adolfo
_929917
942 _2ddc
_cLIBROS
945 _arah
_d08/04/2019